000 00923nam a2200241 a 4500
001 72134
003 BD-RjUL
005 20211209082220.0
008 170514s1980 ii ||||| |||| 001 0 ben d
020 _c : Tk. 45.00
035 _a(BD-RjUL)72350
040 _aBD-RjUL
_bben
_cBD-RjUL
041 _aben
082 _223
_a303.54
_bASL 1980
100 1 0 _aআশরাফ, কে. এম.
_9213347
245 1 0 _aহিন্দুস্তানের জন-জীবন ও জীবন-চর্যা /
_cকে. এম. আশরাফ
260 _aকলিকাতা :
_bপার্ল পাবলিশার্স,
_c১৯৮০
300 _a৪০৫ পৃ. ;
_c২২ সেমি.
500 _aনির্দেশিকা সম্বলিত
650 _aসামাজিক প্রক্রিয়া
_zভারত
_9213348
650 _aSocial process
_zIndia
_9213349
942 _2ddc
_cBK
999 _c72134
_d72134